| 000 | 00697nam a2200217Ia 4500 | ||
|---|---|---|---|
| 008 | 160319s9999 xx 000 0 und d | ||
| 245 | 4 | _aThe nazis: A warning from history: | |
| 245 | _bHelped into Power / | ||
| 260 | _bDolby Digital. | ||
| 260 | _c2004 | ||
| 300 | _a1 videodisc : | ||
| 300 | _bblack & white, ill. ; | ||
| 300 | _c4 3/4 in. | ||
| 440 | _aBBC history of World War II. | ||
| 500 | _aTwo titles in each DVD. | ||
| 650 | _aGermany -- Politics and government -- 1933-1945. | ||
| 650 | _aNational socialism. | ||
| 650 | _aNationalsozialistische Deutsche Arbeiter-Partei -- | ||
| 650 | _aPolitical parties -- Germany -- History -- 20th century. | ||
| 650 | _xHistory. | ||
| 999 |
_c292415 _d292415 |
||